| 000 | 00000nam##2200000za#4500 |
| 001 | 9.624957 |
| 003 | CaOODSP |
| 005 | 20241210082331 |
| 007 | ta |
| 008 | 150406|1998||||xxc||||| f|0| 0 fre|d |
| 020 | |a0-662-83402-X |
| 022 | |a1192-5434 |
| 040 | |aCaOODSP|bfre |
| 043 | |an-cn--- |
| 086 | 1 |aFB3-2/98-23F |
| 110 | 2 |aBanque du Canada. |
| 245 | 10|aRésultats empiriques multi-pays relatifs à l'impact des cibles d'inflation sur la crédibilité de la politique monétaire / |cpar Pierre St-Amant et David Tessier. |
| 260 | |aOttawa - Ontario : |bBanque du Canada |c1998. |
| 300 | |av, 28p. : |bgraphiques ; |c28 cm. |
| 490 | 1 |aDocument de travail|x1192-5434|v98-23 |
| 504 | |aBibliographie. |
| 563 | |aCouverture souple |
| 590 | |a99-01|b1999-01-08 |
| 691 | 07|aPolitique monétaire|2gcpds |
| 691 | 07|aInflation|2gcpds |
| 720 | 1 |aSt-Amant, Pierre |
| 720 | 1 |aTessier, David |
| 776 | 0#|tRésultats empiriques multi-pays relatifs à l'impact des cibles d'inflation sur la crédibilité de la politique monétaire / |w(CaOODSP)9.602132 |
| 830 | #0|aDocument de travail,|x1192-5434|v98-23|w(CaOODSP)9.513013 |